[Event "XXIV Open"]
[Site "Cappelle La Grande FRA"]
[Date "2008.02.20"]
[Round "6"]
[White "Schaack,H"]
[Black "Simutowe,A"]
[Result "0-1"]
[WhiteElo "2269"]
[BlackElo "2457"]
[EventDate "2008.02.16"]

1. e4 c5 2. Nf3 g6 3. d4 Bg7 4. dxc5 Qa5+ 5. c3 Qxc5 6. Bd3 d6 7. Qb3 Nf6
8. Na3 O-O 9. h3 Nc6 10. Be3 Qh5 11. O-O-O Be6 12. Qa4 Nd7 13. g4 Nc5 14.
gxh5 Nxa4 15. h6 Bf6 16. Bb1 b5 17. Bc2 Rab8 18. Nd4 Nxd4 19. cxd4 Rfc8 20.
Kb1 Nb6 21. Bd3 b4 22. Nb5 Nc4 23. Bxc4 Bxc4 24. Nxa7 Rc7 25. d5 b3 26. a3
Be2 27. Nc6 Rbb7 28. Rhe1 Bf3 29. Rd4 Bxd4 30. Bxd4 e5 31. Re3 Bh1 32. Bc3
f5 33. f3 fxe4 34. fxe4 Bg2 35. Bb4 Rf7 36. Kc1 Rf2 37. Na5 Rc7+ 38. Bc3
Rf3 39. Re2 Rf1+ 40. Kd2 Bf3 41. Rh2 Bxe4 42. Ke3 Rxc3+ 43. bxc3 Re1+ 0-1

[Event "XXIV Open"]
[Site "Cappelle La Grande FRA"]
[Date "2008.02.20"]
[Round "6"]
[White "Klovans,J"]
[Black "Padurariu,I"]
[Result "1-0"]
[WhiteElo "2447"]
[BlackElo "2243"]
[EventDate "2008.02.16"]

1. e4 c5 2. Nf3 d6 3. d4 cxd4 4. Nxd4 Nf6 5. Nc3 a6 6. Be3 e5 7. Nb3 Be7 8.
f3 h5 9. Be2 Be6 10. O-O Nbd7 11. a4 Qc7 12. Qd2 Nb6 13. a5 Nc4 14. Bxc4
Qxc4 15. Rfd1 Rc8 16. Nc1 O-O 17. Nd3 Rfd8 18. Bb6 Re8 19. Ra4 Qc6 20. Nb4
Qd7 21. b3 Bf8 22. Ra2 Nh7 23. Nbd5 f5 24. Bf2 Qf7 25. exf5 Qxf5 26. Ne4
Rcd8 27. Bh4 Rd7 28. c4 Rf7 29. Qe3 Bxd5 30. Rxd5 Nf6 31. Bxf6 gxf6 32.
Rad2 Kh7 33. Nxd6 Bxd6 34. Rxd6 Rg8 35. Qd3 Qxd3 36. R2xd3 Rg5 37. Rd7 Rgg7
38. Rxf7 Rxf7 39. Kf2 Kg6 40. Ke3 Kf5 41. Rd6 h4 42. g4+ hxg3 43. hxg3 Rc7
44. g4+ Kg5 45. Ke4 Rc5 46. Rd7 Rxa5 47. Rg7+ Kh6 48. Rxb7 Kg6 49. Rb8 Rc5
50. Rg8+ Kf7 51. Ra8 a5 52. Kf5 e4+ 53. Kxe4 Ke6 54. Ra6+ Ke7 55. f4 Kf7
56. Kd4 1-0

[Event "XXIV Open"]
[Site "Cappelle La Grande FRA"]
[Date "2008.02.20"]
[Round "6"]
[White "Wege,J"]
[Black "Hess,Ro"]
[Result "0-1"]
[WhiteElo "2261"]
[BlackElo "2445"]
[EventDate "2008.02.16"]

1. Nc3 e5 2. Nf3 Nc6 3. d4 exd4 4. Nxd4 Bb4 5. Nxc6 Bxc3+ 6. bxc3 bxc6 7.
e4 Qf6 8. Bd3 Ne7 9. O-O O-O 10. Qh5 Qxc3 11. Rb1 Ng6 12. f4 d5 13. e5 f5
14. exf6 Qd4+ 15. Kh1 Qxf6 16. Bb2 Qf7 17. g4 d4 18. Bxd4 Bxg4 19. Qxg4
Qd5+ 20. Rf3 Rxf4 21. Bc4 Rxg4 22. Bxd5+ cxd5 23. c3 Re4 24. Rb7 Re7 25.
Bc5 Re1+ 26. Bg1 Nh4 27. Rg3 Rf8 28. Rxc7 g6 29. Rxa7 Rff1 30. Ra4 Nf3 31.
Rag4 Re2 32. Rh3 Rxa2 33. Rg2 Raf2 34. Rg4 Rc2 35. Rg2 Rxc3 36. Rhg3 Rcc1
37. h3 Rxg1+ 0-1

[Event "XXIV Open"]
[Site "Cappelle La Grande FRA"]
[Date "2008.02.20"]
[Round "6"]
[White "Khurtsidze,N"]
[Black "Rudolf,An"]
[Result "1/2-1/2"]
[WhiteElo "2441"]
[BlackElo "2242"]
[EventDate "2008.02.16"]

1. d4 e6 2. c4 Nf6 3. Nf3 d5 4. e3 Be7 5. Nc3 O-O 6. Bd3 dxc4 7. Bxc4 c5 8.
O-O Nc6 9. dxc5 Bxc5 10. a3 a6 11. b4 Be7 12. Bb2 b5 13. Bd3 Bb7 14. Qe2
Qb6 15. Rac1 Rfd8 16. Ne4 Nxe4 17. Bxe4 Rac8 18. h4 h6 19. Bb1 Bf8 20. Qc2
f5 21. Qb3 Ne7 22. Bd4 Qd6 23. Bc5 Bd5 24. Qb2 Qb8 25. Ba2 Nc6 26. Bxf8
Kxf8 27. Bxd5 Rxd5 28. Rc2 Ne7 29. Nd4 Qe5 30. Rfc1 Rdd8 31. Rc5 Rxc5 32.
Rxc5 Rd5 33. Qc2 Qd6 34. g3 g6 35. h5 e5 36. Nf3 g5 37. e4 Rxc5 38. bxc5
Qc6 39. Nxe5 Qxe4 40. Qc3 Nd5 41. Ng6+ Kf7 42. Qd2 f4 43. c6 fxg3 44. fxg3
Ke8 45. Kh2 Kd8 46. Qa5+ Nc7 47. Qd2+ Nd5 48. Qa5+ Nc7 49. Qd2+ Qd5 1/2-1/2

[Event "XXIV Open"]
[Site "Cappelle La Grande FRA"]
[Date "2008.02.20"]
[Round "6"]
[White "Houriez,C"]
[Black "Olszewski,Mi"]
[Result "0-1"]
[WhiteElo "2255"]
[BlackElo "2430"]
[EventDate "2008.02.16"]

1. e4 c5 2. Nf3 d6 3. d4 cxd4 4. Nxd4 Nf6 5. Nc3 Nc6 6. Be2 g6 7. Be3 Bg7
8. O-O O-O 9. Nb3 Be6 10. f4 a5 11. Rb1 Rc8 12. Re1 Nd7 13. Nd4 Nxd4 14.
Bxd4 Bxd4+ 15. Qxd4 Qb6 16. Qxb6 Nxb6 17. Bd3 a4 18. a3 Rc5 19. Kf2 Rfc8
20. Re2 Kf8 21. h3 Bd7 22. g4 e6 23. Na2 Ke7 24. Nb4 Rh8 25. Kg3 h5 26.
Rbe1 hxg4 27. hxg4 g5 28. f5 Re5 29. Rf1 Be8 30. Ree1 Nd7 31. Rh1 Rxh1 32.
Rxh1 Nf6 33. Kf3 Bd7 34. fxe6 fxe6 35. Rh8 Be8 36. Rh6 Kf7 37. Rh2 Bd7 38.
Rg2 Rc5 39. Re2 Ke7 40. Re1 b6 41. Na2 e5 42. Rg1 d5 43. Nc3 d4 44. Ne2 Rc8
45. c3 Rf8 46. cxd4 Nxg4+ 47. Kg3 Nf2 48. Bc2 Nh3 49. Re1 g4 50. Ng1 exd4
51. Rd1 d3 52. Bb1 Nf2 53. Rxd3 Nxd3 54. Bxd3 Kd6 0-1

[Event "XXIV Open"]
[Site "Cappelle La Grande FRA"]
[Date "2008.02.20"]
[Round "6"]
[White "Makropoulou,M"]
[Black "Tissir,M"]
[Result "0-1"]
[WhiteElo "2250"]
[BlackElo "2428"]
[EventDate "2008.02.16"]

1. e4 c5 2. Nf3 d6 3. d4 cxd4 4. Nxd4 Nf6 5. Nc3 a6 6. Bg5 e6 7. f4 Nbd7 8.
Qf3 h6 9. Bh4 e5 10. Nde2 exf4 11. Bxf6 Nxf6 12. Nxf4 Bg4 13. Qg3 Rc8 14.
Bd3 Rc5 15. O-O Rg5 16. Qf2 Be7 17. Rae1 O-O 18. Re3 d5 19. h4 Re5 20.
Nfxd5 Nxd5 21. Nxd5 Bc5 22. b4 Bxe3 23. Nxe3 Be6 24. Kh1 Kh8 25. a3 Qd4 26.
Qg3 f6 27. Kh2 Kg8 28. Rf3 a5 29. bxa5 Rxa5 30. Qg6 Bf7 31. Qg4 Bh5 32.
Qe6+ Bf7 33. Qg4 Bh5 34. Qe6+ Kh8 35. Rg3 Re5 36. Qh3 Rf7 37. Qc8+ Kh7 38.
Bc4 Qd7 39. Qa8 Rxe4 40. Bd3 Rfe7 41. Qa5 Bg6 42. Bxe4 Rxe4 43. Rh3 Qd6+
44. Kg1 Qd4 45. h5 Rxe3 46. hxg6+ Kxg6 47. Qh5+ Kh7 48. Rxe3 Qxe3+ 49. Kh2
Qe5+ 50. Qxe5 fxe5 51. c4 Kg6 52. Kg3 Kf5 53. Kf3 h5 54. c5 e4+ 55. Ke3 Ke5
56. c6 bxc6 57. a4 Kd5 0-1

[Event "XXIV Open"]
[Site "Cappelle La Grande FRA"]
[Date "2008.02.20"]
[Round "6"]
[White "Dembo,Y"]
[Black "Mancini,M"]
[Result "1-0"]
[WhiteElo "2427"]
[BlackElo "2225"]
[EventDate "2008.02.16"]

1. e4 e5 2. Nf3 Nc6 3. d4 exd4 4. Nxd4 Bc5 5. Be3 Qf6 6. c3 Nge7 7. Bc4 Ne5
8. Be2 Qg6 9. O-O d6 10. f4 Qxe4 11. Bf2 N5c6 12. Bd3 Qd5 13. c4 Qxd4 14.
Bxd4 Bxd4+ 15. Rf2 O-O 16. Nc3 Bd7 17. Qd2 Bxf2+ 18. Qxf2 a6 19. Re1 Rae8
20. h3 f5 21. a3 g6 22. b4 Nd8 23. Qh4 Be6 24. Re3 c6 25. Ne2 Nc8 26. g4
fxg4 27. hxg4 Bd7 28. Rxe8 Rxe8 29. f5 gxf5 30. gxf5 Ne7 31. Ng3 Nf7 32.
Qf6 Kf8 33. Nh5 Ng8 34. Qg7+ 1-0

[Event "XXIV Open"]
[Site "Cappelle La Grande FRA"]
[Date "2008.02.20"]
[Round "6"]
[White "Zherebukh,Y"]
[Black "Lyell,M"]
[Result "1-0"]
[WhiteElo "2420"]
[BlackElo "2221"]
[EventDate "2008.02.16"]

1. e4 e5 2. Nf3 Nc6 3. Bb5 f5 4. d3 Nf6 5. O-O Bc5 6. exf5 O-O 7. Nc3 Nd4
8. Nxe5 d5 9. Nf3 c6 10. Ba4 Bxf5 11. Nxd4 Bxd4 12. Ne2 Bg4 13. Qd2 Bxe2
14. Qxe2 Qd6 15. c3 Rae8 16. Be3 Bb6 17. d4 Bc7 18. g3 Qe6 19. Bd1 h5 20.
Qd3 Qh3 21. Qg6 Re4 22. Bh6 Rf7 23. Bg5 Rg4 24. Bf3 Ne4 25. Bg2 Nxg5 26.
Qd3 Nf3+ 27. Qxf3 Rxf3 28. Bxh3 Rg6 29. Rae1 h4 30. Re7 hxg3 31. hxg3 Rf7
32. Be6 1-0

[Event "XXIV Open"]
[Site "Cappelle La Grande FRA"]
[Date "2008.02.20"]
[Round "6"]
[White "Van Kampen,R"]
[Black "Nabaty,T"]
[Result "1/2-1/2"]
[WhiteElo "2243"]
[BlackElo "2417"]
[EventDate "2008.02.16"]

1. e4 e5 2. Nf3 Nc6 3. Bb5 a6 4. Ba4 Nf6 5. Qe2 Bc5 6. c3 b5 7. Bb3 O-O 8.
O-O d6 9. d3 Rb8 10. Rd1 Qe7 11. Bg5 h6 12. Bh4 g5 13. Bg3 Ba7 14. Nbd2 Nh5
15. Nf1 g4 16. Nh4 Qg5 17. Qd2 Ne7 18. Ne3 Kh7 19. d4 Nf4 20. Bc2 Neg6 21.
Nef5 Be6 22. Kh1 Nh5 23. Qxg5 hxg5 24. Nxg6 fxg6 25. Ne3 Nxg3+ 26. fxg3 Rf2
27. Bb3 Bxb3 28. axb3 Rxb2 29. Nxg4 exd4 30. cxd4 Rxb3 31. e5 Rb4 32. exd6
cxd6 33. Rxa6 Bxd4 34. Rxd6 Bg7 35. Nf6+ Bxf6 36. Rxf6 Rb7 37. h3 Re4 38.
Rdd6 Ree7 39. Rxg6 b4 40. Rh6+ Kg8 41. Rhg6+ Kf8 42. Rd2 b3 43. Rb2 Re5 44.
h4 Rc5 1/2-1/2

[Event "XXIV Open"]
[Site "Cappelle La Grande FRA"]
[Date "2008.02.20"]
[Round "6"]
[White "Zude,E"]
[Black "Kojima,S"]
[Result "0-1"]
[WhiteElo "2409"]
[BlackElo "2205"]
[EventDate "2008.02.16"]

1. d4 d5 2. c4 c6 3. Nc3 Nf6 4. Nf3 dxc4 5. a4 e6 6. e3 c5 7. Bxc4 Nc6 8.
O-O cxd4 9. exd4 Be7 10. Qe2 O-O 11. Bf4 Nxd4 12. Nxd4 Qxd4 13. Be5 Qc5 14.
Rfd1 b6 15. b4 Qxb4 16. Bd4 Bb7 17. Rab1 Qd6 18. Bxf6 Qc6 19. Bd5 exd5 20.
Bxe7 d4 21. Qg4 f5 22. Qh3 dxc3 23. Rbc1 Rfc8 24. Bb4 c2 25. Rd2 Qxa4 26.
Qxf5 Qxb4 27. Rd7 Qb2 0-1

[Event "XXIV Open"]
[Site "Cappelle La Grande FRA"]
[Date "2008.02.20"]
[Round "6"]
[White "Rogule,L"]
[Black "Van Oosterom,C"]
[Result "1/2-1/2"]
[WhiteElo "2241"]
[BlackElo "2408"]
[EventDate "2008.02.16"]

1. e4 c5 2. Nc3 Nc6 3. g3 g6 4. Bg2 Bg7 5. Nge2 e5 6. O-O Nge7 7. d3 d6 8.
f4 O-O 9. Be3 Nd4 10. Qd2 Be6 11. h3 Qd7 12. Kh2 Rab8 13. Rae1 b5 14. Nd1
Rfc8 15. c3 Nxe2 16. Rxe2 exf4 17. Bxf4 Nc6 18. Ref2 Rb6 19. Bh6 Bh8 20.
Ne3 Rc7 21. Ng4 Bxg4 22. Rxf7 Qxf7 23. Rxf7 Rxf7 24. hxg4 Ne5 25. Kh3 Bg7
26. Bxg7 Kxg7 27. d4 Nc4 28. Qe2 cxd4 29. cxd4 Rb8 30. b3 Nb6 31. e5 Re8
32. Qxb5 Re6 33. Bd5 Nxd5 34. Qxd5 Ree7 35. exd6 Rd7 36. Qe5+ Kg8 37. g5
1/2-1/2

[Event "XXIV Open"]
[Site "Cappelle La Grande FRA"]
[Date "2008.02.20"]
[Round "6"]
[White "Nilsson,S"]
[Black "Roser,K"]
[Result "0-1"]
[WhiteElo "2201"]
[BlackElo "2402"]
[EventDate "2008.02.16"]

1. e4 c5 2. Nf3 Nc6 3. d4 cxd4 4. Nxd4 e6 5. Nb5 d6 6. c4 Nf6 7. N1c3 a6 8.
Na3 Be7 9. Be2 O-O 10. O-O b6 11. Be3 Bb7 12. Rc1 Ne5 13. f3 Ned7 14. Qd2
Qc7 15. Rfd1 Rac8 16. Kh1 Qb8 17. Bg1 Rfe8 18. Bf1 Ba8 19. Nc2 Ne5 20. b3
Rcd8 21. Ne3 Bc6 22. Qe2 Ng6 23. Nc2 Nd7 24. Qd2 h6 25. Be3 Rc8 26. a3 Ba8
27. Bg1 Nge5 28. Ne3 Bc6 29. Qe2 Nc5 30. b4 Na4 31. b5 Nxc3 32. Rxc3 Bxb5
33. Rb1 Ba4 34. Nd1 Nd7 35. Nb2 Bc6 36. Nd3 Qc7 37. Rcb3 Rb8 38. Nb4 Bb7
39. c5 Nxc5 40. Bxc5 bxc5 41. Nxa6 Bxa6 42. Qxa6 Rxb3 43. Rxb3 Rb8 44. Bb5
c4 45. Rc3 d5 46. Rc1 Bxa3 47. Qxa3 Rxb5 48. exd5 exd5 49. h3 Qb8 0-1

[Event "XXIV Open"]
[Site "Cappelle La Grande FRA"]
[Date "2008.02.20"]
[Round "6"]
[White "Skinke,K"]
[Black "Mogranzini,R"]
[Result "0-1"]
[WhiteElo "2180"]
[BlackElo "2401"]
[EventDate "2008.02.16"]

1. e4 c5 2. Nf3 e6 3. d4 cxd4 4. Nxd4 a6 5. Bd3 Bc5 6. Nb3 Be7 7. O-O d6 8.
Be3 Nd7 9. c4 Ngf6 10. f4 b6 11. Nc3 Bb7 12. Qf3 O-O 13. Rad1 Qc7 14. Qg3
Rfe8 15. Bd4 g6 16. e5 Nh5 17. Qf2 Rf8 18. exd6 Bxd6 19. Be3 Rad8 20. Be4
Bb4 21. Bxb7 Qxb7 22. Na4 b5 23. cxb5 Qxb5 24. Nac5 Nxc5 25. Bxc5 Bxc5 26.
Qxc5 Rxd1 27. Qxb5 axb5 28. Rxd1 Nxf4 29. Rd7 Rc8 30. g3 Nd5 31. a3 Rc2 32.
Rb7 b4 33. axb4 Rxb2 34. Nc5 Rxb4 35. Rxb4 Nxb4 36. Ne4 f5 37. Ng5 e5 38.
Kf2 h6 39. Nf3 Nc6 40. Ke3 Kf7 41. h3 g5 42. g4 Kf6 43. Nh2 Ne7 44. Kf3 e4+
45. Ke3 Ke5 0-1

[Event "XXIV Open"]
[Site "Cappelle La Grande FRA"]
[Date "2008.02.20"]
[Round "6"]
[White "Nanjo,R"]
[Black "Aloma Vidal,R"]
[Result "0-1"]
[WhiteElo "2177"]
[BlackElo "2393"]
[EventDate "2008.02.16"]

1. d4 Nf6 2. c4 g6 3. Nc3 Bg7 4. e4 d6 5. Nge2 Nbd7 6. f3 a6 7. Be3 c5 8.
Qd2 O-O 9. d5 Rb8 10. Ng3 Ne5 11. Be2 Qa5 12. f4 Neg4 13. Bg1 Ne8 14. h3
Ngf6 15. a4 Nc7 16. Ra3 Qb4 17. e5 dxe5 18. fxe5 Nd7 19. Nge4 Bxe5 20. g4
b5 21. axb5 axb5 22. cxb5 Ra8 23. Rxa8 Nxa8 24. Be3 Nab6 25. O-O Bb7 26.
Nf2 Bd4 27. Rd1 Bxe3 28. Qxe3 Qxb2 29. Nfe4 Ra8 30. Nxc5 Nxc5 31. Qxc5 Na4
32. Nxa4 Qxe2 33. Qd4 Qxb5 34. Nc3 Qa6 35. Ne4 Qa3 36. Kh2 Qf3 37. Rd2 Ra3
38. Ng5 Qg3+ 39. Kh1 Re3 40. Rd1 Re2 41. Qg1 Bxd5+ 42. Rxd5 Re1 43. Rd8+
Kg7 44. Qxe1 Qxe1+ 45. Kg2 Qa5 0-1

[Event "XXIV Open"]
[Site "Cappelle La Grande FRA"]
[Date "2008.02.20"]
[Round "6"]
[White "Dragun,K"]
[Black "Clery,N"]
[Result "0-1"]
[WhiteElo "2171"]
[BlackElo "2390"]
[EventDate "2008.02.16"]

1. e4 e6 2. d4 d5 3. Nc3 Nf6 4. e5 Nfd7 5. f4 c5 6. Nf3 Nc6 7. Be3 Be7 8.
Qd2 O-O 9. O-O-O c4 10. f5 b5 11. f6 gxf6 12. Bh6 fxe5 13. dxe5 Ndxe5 14.
h4 b4 15. Ne2 c3 16. Qe1 Kh8 17. Nxe5 Nxe5 18. Nf4 Qc7 19. Bxf8 Bxf8 20.
Kb1 Bd7 21. Bd3 cxb2 22. Nh5 Rc8 23. Qg3 Ba4 24. Qf2 Bg7 25. Nxg7 Nxd3 26.
Rxd3 Bxc2+ 27. Kxb2 Bxd3 28. Qf6 Qc3+ 29. Qxc3 bxc3+ 0-1

[Event "XXIV Open"]
[Site "Cappelle La Grande FRA"]
[Date "2008.02.20"]
[Round "6"]
[White "Marchyllie,B"]
[Black "Saravanan,V1"]
[Result "0-1"]
[WhiteElo "2164"]
[BlackElo "2379"]
[EventDate "2008.02.16"]

1. e4 g6 2. d4 Bg7 3. Nf3 d6 4. c3 Nf6 5. Qc2 O-O 6. h3 e5 7. Be3 Nbd7 8.
dxe5 dxe5 9. Nbd2 Qe7 10. Bc4 b6 11. O-O Bb7 12. b4 Nh5 13. a4 a6 14. Bg5
Qe8 15. a5 Kh8 16. Rfe1 f5 17. g4 fxg4 18. hxg4 Nf4 19. Kh2 b5 20. Ba2 Nf6
21. Kg3 Nxg4 22. Rh1 Nf6 23. Rh4 N6h5+ 24. Kh2 h6 25. Bxf4 Rxf4 26. Rg1 g5
27. Rxf4 Nxf4 28. Rg3 Qh5+ 29. Kg1 g4 30. Nf1 gxf3 0-1

[Event "XXIV Open"]
[Site "Cappelle La Grande FRA"]
[Date "2008.02.20"]
[Round "6"]
[White "Raznikov,D"]
[Black "Grandelius,N"]
[Result "0-1"]
[WhiteElo "2162"]
[BlackElo "2371"]
[EventDate "2008.02.16"]

1. d4 Nf6 2. Nf3 g6 3. c4 Bg7 4. Nc3 d5 5. cxd5 Nxd5 6. e4 Nxc3 7. bxc3 c5
8. Rb1 O-O 9. Be2 b6 10. O-O Qc7 11. Bg5 Bb7 12. Qd3 e6 13. Qe3 Nd7 14. e5
Rac8 15. Rfc1 Rfe8 16. Bf4 Nb8 17. Ng5 Red8 18. Bc4 cxd4 19. cxd4 Qxc4 20.
Rxc4 Rxc4 21. Rd1 Nc6 22. Nf3 Ne7 23. Bg5 Nd5 24. Qe4 Rdc8 25. Qh4 Rc2 26.
h3 h5 27. Ne1 Rxa2 28. Nd3 Rcc2 29. g4 Nc3 30. Re1 Ne2+ 31. Rxe2 Rxe2 32.
gxh5 Ra1+ 33. Bc1 Rxc1+ 34. Nxc1 Re1+ 0-1

[Event "XXIV Open"]
[Site "Cappelle La Grande FRA"]
[Date "2008.02.20"]
[Round "6"]
[White "Frick,R"]
[Black "Voekler,B"]
[Result "0-1"]
[WhiteElo "2153"]
[BlackElo "2371"]
[EventDate "2008.02.16"]

1. e4 c5 2. Nf3 d6 3. d4 cxd4 4. Nxd4 Nf6 5. Nc3 a6 6. Be3 e5 7. Nb3 Be7 8.
f3 Be6 9. Bd3 O-O 10. O-O Qc7 11. Qe1 Nc6 12. Qf2 Rac8 13. Rfd1 Nb4 14. a3
Nxd3 15. Rxd3 h6 16. Kh1 Kh7 17. Bb6 Qb8 18. Rad1 Nd7 19. g4 Nxb6 20. Qxb6
Rc6 21. Qf2 Bc4 22. Na5 Bxd3 23. Nxc6 bxc6 24. cxd3 Qb3 25. Rd2 Bg5 26. Rc2
Be3 27. Qe2 Bd4 28. Nd1 c5 29. Kg2 Rb8 30. h3 g6 31. Kh2 Kg7 32. Kg2 h5 33.
Kh2 hxg4 34. fxg4 d5 35. exd5 Qxd5 36. Ne3 Bxe3 37. Qxe3 Rb3 38. Rd2 Qd6
39. Qe4 Qb8 40. Kg3 Rxb2 41. Rd1 Rb3 42. Rf1 Rxd3+ 43. Kg2 Qb2+ 44. Rf2 Rd2
0-1

[Event "XXIV Open"]
[Site "Cappelle La Grande FRA"]
[Date "2008.02.20"]
[Round "6"]
[White "Kanarek,M"]
[Black "Tachikart,Y"]
[Result "1-0"]
[WhiteElo "2348"]
[BlackElo "2098"]
[EventDate "2008.02.16"]

1. e4 e5 2. Nf3 Nc6 3. Bb5 a6 4. Ba4 Nf6 5. O-O Be7 6. Re1 b5 7. Bb3 O-O 8.
h3 d6 9. c3 Na5 10. Bc2 c5 11. d4 Qc7 12. Nbd2 Nc6 13. d5 Nd8 14. Nf1 Ne8
15. g4 g6 16. Bh6 Ng7 17. Ng3 f6 18. Qd2 Nf7 19. Be3 Bd7 20. b4 c4 21. a4
Rfb8 22. Kg2 Qc8 23. Kh2 Kh8 24. Rg1 Bd8 25. a5 Be7 26. Ne1 f5 27. gxf5
gxf5 28. exf5 Nxf5 29. Nxf5 Bxf5 30. Nf3 Qd7 31. Nd4 Bxc2 32. Qxc2 exd4 33.
Bxd4+ Ne5 34. f4 Bf6 35. fxe5 dxe5 36. Bc5 Qxd5 37. Raf1 Bg7 38. Rxg7 Kxg7
39. Qf5 Qd2+ 40. Rf2 Qxf2+ 41. Bxf2 Re8 42. Bg3 1-0

[Event "XXIV Open"]
[Site "Cappelle La Grande FRA"]
[Date "2008.02.20"]
[Round "6"]
[White "Kooshani,M"]
[Black "Mannion,S"]
[Result "1/2-1/2"]
[WhiteElo "2098"]
[BlackElo "2347"]
[EventDate "2008.02.16"]

1. e4 e5 2. Nf3 Nc6 3. Bb5 a6 4. Bxc6 dxc6 5. d4 exd4 6. Qxd4 Qxd4 7. Nxd4
Bd7 8. Nc3 O-O-O 9. Bg5 Re8 10. O-O-O Bb4 11. Bd2 Ne7 12. a3 Bd6 13. f4 f6
14. Nf3 Ng6 15. g3 Bg4 16. Rdf1 Bh3 17. Rf2 Bc5 18. Re2 h5 19. Be3 Bg4 20.
Rf1 Bd6 21. Ree1 h4 22. Nd2 hxg3 23. hxg3 Rh3 24. Rg1 Rd8 25. Nd1 Bd7 26.
Nf2 Rhh8 1/2-1/2

[Event "XXIV Open"]
[Site "Cappelle La Grande FRA"]
[Date "2008.02.20"]
[Round "6"]
[White "Marville,G"]
[Black "Fierro Baquero,M"]
[Result "0-1"]
[WhiteElo "2074"]
[BlackElo "2341"]
[EventDate "2008.02.16"]

1. d4 g6 2. c4 Bg7 3. e4 d6 4. Nc3 Nf6 5. Be2 c5 6. d5 O-O 7. f4 e6 8. Bf3
exd5 9. cxd5 Re8 10. Nge2 Bg4 11. Ng3 h5 12. O-O Nbd7 13. Qb3 Bxf3 14. gxf3
Rb8 15. Bd2 b5 16. Rae1 c4 17. Qc2 Nc5 18. Be3 Nd3 19. Re2 h4 20. Nh1 Nh5
21. Qd2 b4 22. Nd1 Nxb2 23. Nxb2 c3 24. Qd3 cxb2 25. Nf2 Rc8 26. Nd1 Qa5
27. Qb3 Qb5 28. Rc2 Rxc2 29. Qxc2 Qa6 30. Qb3 Qa3 31. Nf2 Rc8 32. Bd2 Qxb3
33. axb3 Bd4 34. Kg2 Rc2 0-1

[Event "XXIV Open"]
[Site "Cappelle La Grande FRA"]
[Date "2008.02.20"]
[Round "6"]
[White "Dugailliez,G"]
[Black "Vul,A"]
[Result "0-1"]
[WhiteElo "2026"]
[BlackElo "2337"]
[EventDate "2008.02.16"]

1. e4 e5 2. f4 d5 3. exd5 c6 4. dxc6 Nxc6 5. Bc4 Bc5 6. Nf3 Nf6 7. c3 e4 8.
Ne5 O-O 9. b4 Bb6 10. Qb3 Nxe5 11. fxe5 Ng4 12. e6 Bxe6 13. Bxe6 Bf2+ 0-1

[Event "XXIV Open"]
[Site "Cappelle La Grande FRA"]
[Date "2008.02.20"]
[Round "6"]
[White "Motoc,A"]
[Black "Franklin,S"]
[Result "0-1"]
[WhiteElo "2330"]
[BlackElo "2001"]
[EventDate "2008.02.16"]

1. d4 Nf6 2. c4 g6 3. Nc3 Bg7 4. e4 d6 5. h3 O-O 6. Bg5 a5 7. Bd3 Nc6 8.
Nge2 Nd7 9. Bc2 Nb6 10. b3 Nb4 11. O-O a4 12. f4 axb3 13. Bxb3 Be6 14. f5
Bd7 15. fxg6 hxg6 16. Qd2 c5 17. d5 Na4 18. Bxa4 Bxa4 19. h4 b5 20. h5 Nc2
21. Rac1 Nd4 22. h6 Be5 23. h7+ Kxh7 24. Bh6 b4 25. Bxf8 bxc3 26. Nxc3 Qxf8
27. Rb1 Be8 28. Rb7 Qh6 29. Qxh6+ Kxh6 30. Rxe7 Kg7 31. Rb1 Bf6 32. Rc7
Nf3+ 33. gxf3 Bxc3 34. Rbb7 Bd4+ 35. Kh1 Rxa2 36. Ra7 Rxa7 37. Rxa7 g5 38.
Kg2 Kf6 39. Kg3 Be5+ 40. Kg2 Bf4 41. Kf2 Kg6 42. Ke2 f6 43. Kf2 Kh6 44. Ra8
Bg6 45. Ke2 f5 46. exf5 Bxf5 47. Rf8 Kg6 48. Rg8+ Kf6 49. Re8 Bc2 50. Re6+
Kf7 51. Rh6 Bb3 52. Kd3 Bd1 53. Rh3 Kf6 54. Rh6+ Kf5 55. Rh3 Ke5 56. Rh8
Bxf3 57. Rf8 Be4+ 58. Ke2 Kd4 0-1

[Event "XXIV Open"]
[Site "Cappelle La Grande FRA"]
[Date "2008.02.20"]
[Round "6"]
[White "Delahaye,F"]
[Black "Bielczyk,J"]
[Result "0-1"]
[WhiteElo "1970"]
[BlackElo "2326"]
[EventDate "2008.02.16"]

1. e4 e6 2. Nc3 c5 3. d3 Nc6 4. f4 g6 5. Nf3 Bg7 6. g3 Nge7 7. Bg2 O-O 8.
O-O d6 9. Rb1 Rb8 10. Ne2 b6 11. a3 Bb7 12. g4 f5 13. h3 d5 14. e5 d4 15.
c4 dxc3 16. bxc3 Qd7 17. Qc2 Rfd8 18. Rd1 Na5 19. c4 Bc6 20. Nc3 Rb7 21.
Be3 h6 22. Qf2 Qe8 23. Nb5 Nc8 24. Bf1 Rbd7 25. Nc3 Ne7 26. Be2 Qf7 27. Qg3
Rf8 28. d4 Bxf3 29. Qxf3 cxd4 30. Rxd4 fxg4 31. Qxg4 Rxd4 32. Bxd4 h5 33.
Qg2 Qxf4 34. Ne4 Bxe5 35. Bxe5 Qxe5 36. Rd1 Nac6 37. Rd7 Rf7 0-1

[Event "XXIV Open"]
[Site "Cappelle La Grande FRA"]
[Date "2008.02.20"]
[Round "6"]
[White "Wieczorek,L"]
[Black "Mohandesi,S"]
[Result "0-1"]
[WhiteElo "1902"]
[BlackElo "2323"]
[EventDate "2008.02.16"]

1. d4 d5 2. c4 e6 3. Nc3 Bb4 4. a3 Bxc3+ 5. bxc3 Ne7 6. Nf3 c5 7. e3 b6 8.
Bd3 dxc4 9. Bxc4 O-O 10. O-O Ba6 11. Bxa6 Nxa6 12. Qe2 Qc8 13. e4 Qb7 14.
Ng5 Rad8 15. Bb2 h6 16. Nh3 Nc7 17. Nf4 Ne8 18. Nh5 Ng6 19. e5 Nc7 20. Qg4
cxd4 21. cxd4 Nd5 22. h4 Nde7 23. Ng3 Nf5 24. Nxf5 exf5 25. Qg3 Qe4 26. f4
Qe2 27. Rf2 Qh5 28. Qh3 Nxh4 29. Kf1 Qg4 30. Qxg4 fxg4 31. f5 g6 32. f6 Nf5
33. Rd2 Rd5 34. Ke2 Rfd8 35. Rad1 Kf8 36. Rd3 Ke8 37. R1d2 Rc8 38. Rc3 Rxc3
39. Bxc3 Kd7 40. Kd3 Ke6 41. Ke4 g5 42. Rc2 Ng3+ 43. Ke3 Rb5 44. Bb4 a5 45.
Bf8 Rb3+ 46. Kf2 Ne4+ 47. Ke2 h5 48. Rc7 Nc3+ 49. Kf2 g3+ 50. Ke1 Nd5 51.
Rc6+ Kf5 52. Rd6 Nf4 53. Rd7 Nxg2+ 54. Kf1 Nf4 0-1

[Event "XXIV Open"]
[Site "Cappelle La Grande FRA"]
[Date "2008.02.20"]
[Round "6"]
[White "Berry,N"]
[Black "O'Toole,G"]
[Result "1-0"]
[WhiteElo "2319"]
[BlackElo "1985"]
[EventDate "2008.02.16"]

1. d4 Nf6 2. c4 c5 3. d5 b5 4. Nd2 g6 5. e4 d6 6. cxb5 Qa5 7. Bd3 a6 8. b6
Qxb6 9. Ngf3 Bg7 10. Nc4 Qb7 11. O-O O-O 12. Qc2 Nbd7 13. Bd2 Nb6 14. Na5
Qc7 15. Rac1 e6 16. dxe6 Bxe6 17. b3 Nfd7 18. Bf4 Bg4 19. Nd2 Ne5 20. Nac4
Nbxc4 21. Nxc4 Nxc4 22. Bxc4 Be6 23. Rfd1 Rfd8 24. h4 Bd4 25. Bxe6 fxe6 26.
Bg5 e5 27. Bxd8 Qxd8 28. g3 a5 29. Rd3 Ra7 30. Rf3 Kg7 31. Qc4 Qd7 32. Qd5
h5 33. Rc4 Bb2 34. Qd2 Bd4 35. Qg5 Qe7 36. Qxe7+ Rxe7 37. Ra4 Ra7 38. Kf1
1-0

[Event "XXIV Open"]
[Site "Cappelle La Grande FRA"]
[Date "2008.02.20"]
[Round "6"]
[White "Rojas,L"]
[Black "Sulskis,S"]
[Result "1/2-1/2"]
[WhiteElo "2414"]
[BlackElo "2553"]
[EventDate "2008.02.16"]

1. e4 c6 2. d4 d5 3. Nd2 dxe4 4. Nxe4 Bf5 5. Ng3 Bg6 6. h4 h6 7. Nf3 Nd7 8.
h5 Bh7 9. Bd3 Bxd3 10. Qxd3 e6 11. Bd2 Ngf6 12. O-O-O Qc7 13. Ne4 O-O-O 14.
g3 Nxe4 15. Qxe4 Bd6 16. c4 Rhe8 17. Bc3 f5 18. Qc2 Nf6 19. d5 cxd5 20.
cxd5 Ne4 21. dxe6 Nxc3 22. Qxc3 Qxc3+ 23. bxc3 Rxe6 24. Nd4 Rf6 25. Rhe1 f4
26. g4 f3 27. Nf5 Ba3+ 28. Kc2 Rxd1 29. Rxd1 Bc5 30. Rd3 g6 31. Rd5 Bf8 32.
hxg6 Rxg6 33. Ne3 b6 34. Rf5 Bc5 35. Rxf3 Bxe3 36. fxe3 Rxg4 37. Rf7 Ra4
38. Kb3 Ra5 39. Rh7 h5 40. e4 Kd8 41. e5 Rb5+ 42. Kc4 Rxe5 43. Rxa7 Re7 44.
Ra8+ Kc7 45. Rh8 Re5 46. Rh6 Kb7 47. Kb4 Ka6 48. c4 1/2-1/2

[Event "XXIV Open"]
[Site "Cappelle La Grande FRA"]
[Date "2008.02.20"]
[Round "6"]
[White "Durarbeyli,V"]
[Black "Kosten,A"]
[Result "1/2-1/2"]
[WhiteElo "2392"]
[BlackElo "2511"]
[EventDate "2008.02.16"]

1. e4 e5 2. Nf3 Nc6 3. Bb5 a6 4. Ba4 Nf6 5. O-O Be7 6. Re1 b5 7. Bb3 d6 8.
c3 O-O 9. h3 Na5 10. Bc2 d5 11. exd5 e4 12. Bxe4 Nxe4 13. Rxe4 Bb7 14. d4
Re8 15. Bf4 Nc4 16. b3 Nb6 17. Bg3 Nxd5 18. Re1 c5 19. a4 cxd4 20. axb5
axb5 21. Rxa8 Qxa8 22. Nxd4 Bc5 23. Nxb5 Rxe1+ 24. Qxe1 Nf6 25. Nc7 Qa1 26.
b4 Bb6 27. Qd1 h6 28. Kh2 Be4 29. Qd8+ Kh7 30. Nd2 Qxc3 31. Qd6 1/2-1/2